[Event "ODJM B 2023"]
[Site "Willingen GER"]
[Date "2023.05.31"]
[Round "6"]
[White "Laux, Filip"]
[Black "Jacoby, Angelina"]
[Result "1-0"]
[Termination "normal"]
[Board "32"]
[WhiteElo "1407"]
[BlackElo "1583"]
[WhiteClock "00:16:12"]
[BlackClock "00:00:40"]
[PlyCount "67"]
[WhiteFideId "16275730"]
[BlackFideId "12999008"]
[EventCountry "GER"]
[EventRounds "9"]
[EventType "swiss"]
[EventDate "2023.05.27"]

1. e4 {[%clk 01:30:58]} d5 {[%clk 01:30:55]} {[%emt 00:00:06]} 2. exd5 {[%clk
01:31:05]} {[%emt 00:00:23]} Qxd5 {[%clk 01:31:18]} {[%emt 00:00:08]} 3. Nc3
{[%clk 01:31:15]} {[%emt 00:00:20]} Qd8 {[%clk 01:31:41]} {[%emt 00:00:06]} 4.
d4 {[%clk 01:31:17]} {[%emt 00:00:28]} Nf6 {[%clk 01:32:05]} {[%emt 00:00:07]}
5. Bc4 {[%clk 01:31:07]} {[%emt 00:00:38]} Bg4 {[%clk 01:32:21]} {[%emt
00:00:15]} 6. f3 {[%clk 01:30:35]} {[%emt 00:01:01]} Bc8 {[%clk 01:30:24]}
{[%emt 00:02:28]} 7. Bf4 {[%clk 01:27:58]} {[%emt 00:03:07]} a6 {[%clk
01:25:26]} {[%emt 00:05:29]} 8. g4 {[%clk 01:25:05]} {[%emt 00:03:21]} c6
{[%clk 01:22:00]} {[%emt 00:03:57]} 9. Nh3 {[%clk 01:21:48]} {[%emt 00:03:46]}
e6 {[%clk 01:21:27]} {[%emt 00:01:04]} 10. Qd3 {[%clk 01:14:30]} {[%emt
00:07:47]} Be7 {[%clk 01:16:58]} {[%emt 00:05:00]} 11. Qe3 {[%clk 01:02:52]}
{[%emt 00:12:07]} Nd5 {[%clk 01:12:59]} {[%emt 00:04:30]} 12. Nxd5 {[%clk
01:02:46]} {[%emt 00:00:36]} cxd5 {[%clk 01:13:22]} {[%emt 00:00:07]} 13. Bb3
{[%clk 01:02:53]} {[%emt 00:00:23]} Nc6 {[%clk 01:03:24]} {[%emt 00:10:28]} 14.
O-O-O {[%clk 01:02:21]} {[%emt 00:01:02]} b5 {[%clk 01:02:33]} {[%emt
00:01:20]} 15. Bg5 {[%clk 00:54:36]} {[%emt 00:08:15]} Bb7 {[%clk 00:52:59]}
{[%emt 00:10:05]} 16. Bxe7 {[%clk 00:46:34]} {[%emt 00:08:32]} Qxe7 {[%clk
00:49:46]} {[%emt 00:03:42]} 17. Qg5 {[%clk 00:45:46]} {[%emt 00:01:18]} Qxg5+
{[%clk 00:48:28]} {[%emt 00:01:49]} 18. Nxg5 {[%clk 00:44:42]} {[%emt
00:01:35]} h6 {[%clk 00:47:39]} {[%emt 00:01:18]} 19. Nh3 {[%clk 00:44:30]}
{[%emt 00:00:42]} Na5 {[%clk 00:42:23]} {[%emt 00:05:46]} 20. Nf4 {[%clk
00:42:25]} {[%emt 00:02:33]} O-O {[%clk 00:39:52]} {[%emt 00:03:03]} 21. Nd3
{[%clk 00:40:19]} {[%emt 00:02:36]} Bc6 {[%clk 00:33:54]} {[%emt 00:06:28]} 22.
h4 {[%clk 00:39:09]} {[%emt 00:01:38]} Nb7 {[%clk 00:33:29]} {[%emt 00:00:55]}
23. h5 {[%clk 00:37:56]} {[%emt 00:01:44]} a5 {[%clk 00:31:31]} {[%emt
00:02:28]} 24. c3 {[%clk 00:36:53]} {[%emt 00:01:33]} Nd6 {[%clk 00:29:15]}
{[%emt 00:02:46]} 25. Rhg1 {[%clk 00:34:53]} {[%emt 00:02:30]} Rfc8 {[%clk
00:17:45]} {[%emt 00:12:01]} 26. Nc5 {[%clk 00:28:07]} {[%emt 00:07:16]} b4
{[%clk 00:14:58]} {[%emt 00:03:17]} 27. g5 {[%clk 00:24:32]} {[%emt 00:04:05]}
Kh8 {[%clk 00:11:00]} {[%emt 00:04:28]} 28. g6 {[%clk 00:23:28]} {[%emt
00:01:34]} Kg8 {[%clk 00:09:03]} {[%emt 00:02:26]} 29. gxf7+ {[%clk 00:23:11]}
{[%emt 00:00:47]} Kxf7 {[%clk 00:09:28]} {[%emt 00:00:06]} 30. Rg6 {[%clk
00:23:35]} {[%emt 00:00:06]} Re8 {[%clk 00:02:38]} {[%emt 00:07:20]} 31. Re1
{[%clk 00:23:21]} {[%emt 00:00:43]} Nf5 {[%clk 00:01:41]} {[%emt 00:01:28]} 32.
Rexe6 {[%clk 00:22:51]} {[%emt 00:00:59]} Rxe6 {[%clk 00:01:54]} {[%emt
00:00:18]} 33. Rxe6 {[%clk 00:22:41]} {[%emt 00:00:38]} Ne7 {[%clk 00:00:40]}
{[%emt 00:01:45]} 34. Rxc6 {[%clk 00:16:12]} {[%emt 00:06:59]} 1-0

[Event "ODJM B 2023"]
[Site "Willingen GER"]
[Date "2023.05.31"]
[Round "6"]
[White "Wilmink, Luca"]
[Black "Roth, Jonas"]
[Result "1-0"]
[Termination "normal"]
[Board "33"]
[WhiteElo "1530"]
[BlackElo "1529"]
[WhiteClock "00:54:30"]
[BlackClock "01:05:55"]
[PlyCount "45"]
[WhiteFideId "16245253"]
[BlackFideId "34623515"]
[EventCountry "GER"]
[EventRounds "9"]
[EventType "swiss"]
[EventDate "2023.05.27"]

1. e4 {[%clk 01:30:59]} e6 {[%clk 01:30:56]} {[%emt 00:00:05]} 2. d4 {[%clk
01:30:34]} {[%emt 00:00:54]} d5 {[%clk 01:31:22]} {[%emt 00:00:05]} 3. exd5
{[%clk 01:29:57]} {[%emt 00:01:06]} exd5 {[%clk 01:31:47]} {[%emt 00:00:05]} 4.
Bd3 {[%clk 01:29:27]} {[%emt 00:01:01]} Bd6 {[%clk 01:32:09]} {[%emt 00:00:07]}
5. Nc3 {[%clk 01:28:34]} {[%emt 00:01:23]} c6 {[%clk 01:32:05]} {[%emt
00:00:35]} 6. Nge2 {[%clk 01:28:09]} {[%emt 00:00:54]} Qc7 {[%clk 01:31:40]}
{[%emt 00:00:55]} 7. Bg5 {[%clk 01:23:12]} {[%emt 00:05:27]} f6 {[%clk
01:30:18]} {[%emt 00:01:53]} 8. Bh4 {[%clk 01:23:32]} {[%emt 00:00:09]} Ne7
{[%clk 01:30:09]} {[%emt 00:00:39]} 9. Bg3 {[%clk 01:21:48]} {[%emt 00:02:13]}
Bf5 {[%clk 01:28:27]} {[%emt 00:02:12]} 10. O-O {[%clk 01:17:58]} {[%emt
00:04:21]} Nd7 {[%clk 01:27:32]} {[%emt 00:01:25]} 11. Re1 {[%clk 01:12:27]}
{[%emt 00:06:02]} Bxd3 {[%clk 01:26:54]} {[%emt 00:01:07]} 12. Qxd3 {[%clk
01:11:55]} {[%emt 00:01:02]} O-O-O {[%clk 01:27:13]} {[%emt 00:00:11]} 13. b4
{[%clk 01:11:08]} {[%emt 00:01:17]} Nb6 {[%clk 01:25:53]} {[%emt 00:01:50]} 14.
b5 {[%clk 01:09:08]} {[%emt 00:02:31]} h5 {[%clk 01:25:52]} {[%emt 00:00:30]}
15. bxc6 {[%clk 01:08:57]} {[%emt 00:00:42]} bxc6 {[%clk 01:26:06]} {[%emt
00:00:15]} 16. Nf4 {[%clk 01:02:51]} {[%emt 00:06:36]} Bxf4 {[%clk 01:19:53]}
{[%emt 00:06:43]} 17. Bxf4 {[%clk 01:03:07]} {[%emt 00:00:14]} Qb7 {[%clk
01:19:59]} {[%emt 00:00:24]} 18. h4 {[%clk 01:00:28]} {[%emt 00:03:09]} g6
{[%clk 01:16:42]} {[%emt 00:03:48]} 19. Re6 {[%clk 00:56:55]} {[%emt 00:04:01]}
Nf5 {[%clk 01:09:53]} {[%emt 00:07:19]} 20. Rxf6 {[%clk 00:55:26]} {[%emt
00:02:00]} Rhg8 {[%clk 01:08:33]} {[%emt 00:01:50]} 21. Rxg6 {[%clk 00:54:48]}
{[%emt 00:01:08]} Qd7 {[%clk 01:05:59]} {[%emt 00:03:04]} 22. Qa6+ {[%clk
00:54:10]} {[%emt 00:01:07]} Qb7 {[%clk 01:05:55]} {[%emt 00:00:35]} 23. Rxc6+
{[%clk 00:54:30]} {[%emt 00:00:10]} 1-0

[Event "ODJM B 2023"]
[Site "Willingen GER"]
[Date "2023.05.31"]
[Round "6"]
[White "Göb, Franziska"]
[Black "Borgmann, Simon"]
[Result "0-1"]
[Termination "normal"]
[Board "34"]
[WhiteElo "1278"]
[BlackElo "1543"]
[WhiteClock "00:12:53"]
[BlackClock "00:15:34"]
[PlyCount "108"]
[WhiteFideId "16293177"]
[BlackFideId "16234677"]
[EventCountry "GER"]
[EventRounds "9"]
[EventType "swiss"]
[EventDate "2023.05.27"]

1. e4 {[%clk 01:30:59]} d5 {[%clk 01:30:13]} {[%emt 00:00:48]} 2. exd5 {[%clk
01:31:24]} {[%emt 00:00:04]} Qd7 {[%emt 00:00:04]} 3. d6 Qxd6 {[%clk 01:30:39]}
4. Nc3 {[%clk 01:31:47]} {[%emt 00:00:07]} Qd5 {[%clk 01:30:58]} 5. d4 {[%clk
01:32:11]} {[%emt 00:00:16]} Qa5 {[%clk 01:31:23]} 6. Nf3 {[%clk 01:32:11]}
{[%emt 00:00:36]} Nf6 {[%clk 01:24:47]} 7. Ne5 {[%clk 01:31:46]} {[%emt
00:08:00]} Bf5 {[%clk 01:19:16]} 8. Nc4 {[%clk 01:28:32]} {[%emt 00:09:44]}
Nbd7 {[%clk 01:13:03]} 9. Ne3 {[%clk 01:25:29]} {[%emt 00:10:16]} c6 {[%clk
00:53:33]} {[%emt 00:39:43]} 10. Bd2 {[%clk 01:02:49]} Qc7 {[%emt 00:04:39]}
11. Ncd5 Qd8 {[%clk 00:53:52]} 12. Nxf6+ {[%clk 01:02:36]} {[%emt 00:00:43]}
Nxf6 {[%clk 00:54:16]} {[%emt 00:00:06]} 13. Nxf5 {[%clk 01:02:54]} {[%emt
00:00:11]} e6 {[%clk 00:54:41]} {[%emt 00:00:06]} 14. Ng3 {[%clk 01:00:54]}
{[%emt 00:02:29]} Qxd4 {[%clk 00:54:13]} {[%emt 00:01:00]} 15. Bc3 {[%clk
00:58:34]} {[%emt 00:02:49]} Qxd1+ {[%clk 00:53:31]} {[%emt 00:01:12]} 16. Rxd1
{[%clk 00:57:07]} {[%emt 00:01:56]} Be7 {[%clk 00:53:47]} {[%emt 00:00:15]} 17.
Bd3 {[%clk 00:54:03]} {[%emt 00:03:33]} O-O {[%clk 00:52:07]} {[%emt 00:02:11]}
18. O-O {[%clk 00:53:10]} {[%emt 00:01:23]} Nd5 {[%clk 00:52:02]} {[%emt
00:00:35]} 19. Ne2 {[%clk 00:49:08]} {[%emt 00:04:31]} Nxc3 {[%clk 00:52:23]}
{[%emt 00:00:11]} 20. Nxc3 {[%clk 00:49:28]} {[%emt 00:00:10]} Rad8 {[%clk
00:52:28]} {[%emt 00:00:25]} 21. Bc4 {[%clk 00:46:30]} {[%emt 00:03:26]} Bf6
{[%clk 00:45:59]} {[%emt 00:07:00]} 22. Rxd8 {[%clk 00:43:55]} {[%emt
00:03:05]} Rxd8 {[%clk 00:46:21]} {[%emt 00:00:07]} 23. Rd1 {[%clk 00:41:16]}
{[%emt 00:03:10]} Kf8 {[%clk 00:46:40]} {[%emt 00:00:12]} 24. Rxd8+ {[%clk
00:41:31]} {[%emt 00:00:14]} Bxd8 {[%clk 00:47:06]} {[%emt 00:00:04]} 25. Kf1
{[%clk 00:41:26]} {[%emt 00:00:34]} Ke7 {[%clk 00:47:28]} {[%emt 00:00:09]} 26.
Ke2 {[%emt 00:02:09]} Bc7 {[%clk 00:46:28]} 27. h3 {[%clk 00:38:02]} {[%emt
00:03:44]} h6 {[%clk 00:46:52]} {[%emt 00:00:08]} 28. a4 {[%clk 00:34:25]}
{[%emt 00:04:06]} Be5 {[%clk 00:43:34]} {[%emt 00:03:48]} 29. Ke3 {[%clk
00:31:48]} {[%emt 00:03:06]} Bxc3 {[%clk 00:40:30]} {[%emt 00:03:36]} 30. bxc3
{[%clk 00:32:11]} {[%emt 00:00:06]} Kd6 {[%clk 00:40:24]} {[%emt 00:00:36]} 31.
Kd4 {[%clk 00:29:32]} {[%emt 00:03:08]} c5+ {[%clk 00:39:19]} {[%emt 00:01:36]}
32. Ke4 {[%clk 00:28:35]} {[%emt 00:01:25]} f5+ {[%clk 00:39:05]} {[%emt
00:00:47]} 33. Ke3 {[%clk 00:27:56]} {[%emt 00:01:06]} Ke5 {[%clk 00:37:45]}
{[%emt 00:01:52]} 34. g3 {[%clk 00:23:03]} {[%emt 00:05:22]} Kd6 {[%clk
00:34:21]} {[%emt 00:03:55]} 35. Kd3 {[%clk 00:20:00]} {[%emt 00:03:28]} a6
{[%clk 00:23:51]} {[%emt 00:11:06]} 36. a5 {[%clk 00:16:54]} {[%emt 00:03:35]}
g5 {[%clk 00:15:33]} {[%emt 00:08:48]} 37. g4 {[%clk 00:11:23]} {[%emt
00:06:01]} Ke5 {[%clk 00:13:47]} {[%emt 00:02:16]} 38. Bxe6 {[%clk 00:07:58]}
{[%emt 00:03:55]} Kxe6 {[%clk 00:13:29]} {[%emt 00:00:49]} 39. gxf5+ {[%clk
00:08:19]} {[%emt 00:00:08]} Kxf5 {[%clk 00:13:49]} {[%emt 00:00:11]} 40. Kc4
{[%clk 00:08:44]} {[%emt 00:00:04]} g4 {[%clk 00:13:40]} {[%emt 00:00:39]} 41.
hxg4+ {[%clk 00:08:17]} {[%emt 00:00:57]} Kxg4 {[%clk 00:14:05]} {[%emt
00:00:06]} 42. Kxc5 {[%clk 00:08:43]} {[%emt 00:00:03]} h5 {[%clk 00:14:18]}
{[%emt 00:00:17]} 43. Kb6 {[%clk 00:09:11]} {[%emt 00:00:02]} h4 {[%clk
00:14:25]} {[%emt 00:00:23]} 44. Kxb7 {[%clk 00:09:36]} {[%emt 00:00:05]} h3
{[%clk 00:13:03]} {[%emt 00:01:52]} 45. Kxa6 {[%clk 00:10:01]} {[%emt
00:00:06]} h2 {[%clk 00:13:15]} {[%emt 00:00:17]} 46. Kb6 {[%clk 00:10:11]}
{[%emt 00:00:20]} h1=Q {[%clk 00:13:33]} {[%emt 00:00:13]} 47. a6 {[%clk
00:10:36]} {[%emt 00:00:04]} Qa8 {[%clk 00:13:56]} {[%emt 00:00:08]} 48. c4
{[%clk 00:10:53]} {[%emt 00:00:12]} Qb8+ {[%clk 00:14:09]} {[%emt 00:00:16]}
49. Ka5 {[%clk 00:11:10]} {[%emt 00:00:11]} Kf5 {[%clk 00:14:10]} {[%emt
00:00:31]} 50. c5 {[%clk 00:11:34]} {[%emt 00:00:07]} Ke6 {[%clk 00:14:27]}
{[%emt 00:00:14]} 51. c4 {[%clk 00:11:52]} {[%emt 00:00:12]} Kd7 {[%clk
00:14:43]} {[%emt 00:00:14]} 52. f4 {[%clk 00:12:12]} {[%emt 00:00:09]} Kc6
{[%clk 00:15:00]} {[%emt 00:00:12]} 53. f5 {[%clk 00:12:37]} {[%emt 00:00:06]}
Kxc5 {[%clk 00:15:17]} {[%emt 00:00:13]} 54. f6 {[%clk 00:12:53]} {[%emt
00:00:14]} Qb4# {[%clk 00:15:34]} {[%emt 00:00:12]} 0-1

[Event "ODJM B 2023"]
[Site "Willingen GER"]
[Date "2023.05.31"]
[Round "6"]
[White "Wang, Simon"]
[Black "Kutz, Ida Klara"]
[Result "0-1"]
[Termination "normal"]
[Board "35"]
[WhiteElo "1483"]
[BlackElo "1411"]
[WhiteClock "00:30:02"]
[BlackClock "00:52:47"]
[PlyCount "82"]
[WhiteFideId "34605398"]
[BlackFideId "16296257"]
[EventCountry "GER"]
[EventRounds "9"]
[EventType "swiss"]
[EventDate "2023.05.27"]

1. c4 {[%clk 01:30:59]} {[%emt 00:00:01]} Nf6 {[%clk 01:30:45]} {[%emt
00:00:15]} 2. Nc3 {[%clk 01:31:18]} {[%emt 00:00:10]} g6 {[%clk 01:30:57]}
{[%emt 00:00:18]} 3. g3 {[%clk 01:31:38]} {[%emt 00:00:10]} Bg7 {[%clk
01:30:55]} {[%emt 00:00:32]} 4. Bg2 {[%clk 01:32:03]} {[%emt 00:00:05]} O-O
{[%clk 01:30:54]} {[%emt 00:00:32]} 5. e3 {[%clk 01:32:03]} {[%emt 00:00:29]}
e6 {[%clk 01:29:39]} {[%emt 00:01:45]} 6. Nge2 {[%clk 01:32:10]} {[%emt
00:00:24]} d5 {[%clk 01:28:15]} {[%emt 00:01:54]} 7. cxd5 {[%clk 01:30:45]}
{[%emt 00:01:55]} Nxd5 {[%clk 01:27:27]} {[%emt 00:01:18]} 8. O-O {[%clk
01:30:39]} {[%emt 00:00:36]} Nc6 {[%clk 01:25:33]} {[%emt 00:02:24]} 9. d4
{[%clk 01:28:42]} {[%emt 00:02:27]} a6 {[%clk 01:20:03]} {[%emt 00:06:00]} 10.
Nxd5 {[%clk 01:22:32]} {[%emt 00:06:40]} exd5 {[%clk 01:20:21]} {[%emt
00:00:12]} 11. Nc3 {[%clk 01:22:55]} {[%emt 00:00:08]} Ne7 {[%clk 01:17:00]}
{[%emt 00:03:50]} 12. Qb3 {[%clk 01:22:53]} {[%emt 00:00:33]} c6 {[%clk
01:13:39]} {[%emt 00:03:51]} 13. Na4 {[%clk 01:19:32]} {[%emt 00:03:51]} Rb8
{[%clk 01:08:39]} {[%emt 00:05:29]} 14. e4 {[%clk 01:09:18]} {[%emt 00:10:44]}
dxe4 {[%clk 01:06:13]} {[%emt 00:02:57]} 15. Bf4 {[%clk 01:07:00]} {[%emt
00:02:48]} Ra8 {[%clk 01:04:28]} {[%emt 00:02:14]} 16. Nb6 {[%clk 00:46:55]}
{[%emt 00:20:35]} Be6 {[%clk 01:00:49]} {[%emt 00:04:09]} 17. d5 {[%clk
00:47:14]} {[%emt 00:00:11]} Nxd5 {[%clk 01:00:37]} {[%emt 00:00:42]} 18. Nxd5
{[%clk 00:40:03]} {[%emt 00:07:41]} cxd5 {[%clk 00:59:17]} {[%emt 00:01:49]}
19. Qxb7 {[%clk 00:40:15]} {[%emt 00:00:19]} Qc8 {[%clk 00:58:07]} {[%emt
00:01:41]} 20. Qb4 {[%clk 00:38:03]} {[%emt 00:02:40]} Qc2 {[%clk 00:53:41]}
{[%emt 00:04:57]} 21. Rab1 {[%clk 00:36:21]} {[%emt 00:02:12]} Qd3 {[%clk
00:46:34]} {[%emt 00:07:37]} 22. Rfd1 {[%clk 00:33:42]} {[%emt 00:03:09]} Qb5
{[%clk 00:45:57]} {[%emt 00:01:07]} 23. Qxb5 {[%clk 00:32:19]} {[%emt
00:01:53]} axb5 {[%clk 00:46:20]} {[%emt 00:00:07]} 24. a3 {[%clk 00:31:53]}
{[%emt 00:00:56]} Ra7 {[%clk 00:44:27]} {[%emt 00:02:23]} 25. Bf1 {[%clk
00:30:31]} {[%emt 00:01:51]} Rb7 {[%clk 00:43:40]} {[%emt 00:01:18]} 26. Rdc1
{[%clk 00:27:45]} {[%emt 00:03:16]} d4 {[%clk 00:40:10]} {[%emt 00:04:00]} 27.
Bg2 {[%clk 00:25:45]} {[%emt 00:02:30]} f5 {[%clk 00:39:33]} {[%emt 00:01:07]}
28. Rc6 {[%clk 00:24:02]} {[%emt 00:02:12]} Bf7 {[%clk 00:35:06]} {[%emt
00:04:57]} 29. Rd1 {[%clk 00:20:37]} {[%emt 00:03:56]} b4 {[%clk 00:29:31]}
{[%emt 00:06:06]} 30. axb4 {[%clk 00:18:30]} {[%emt 00:02:36]} Rxb4 {[%clk
00:29:47]} {[%emt 00:00:14]} 31. Bd6 {[%clk 00:18:54]} {[%emt 00:00:06]} Rxb2
{[%clk 00:28:26]} {[%emt 00:01:52]} 32. Bxf8 {[%clk 00:19:08]} {[%emt
00:00:15]} Kxf8 {[%clk 00:28:33]} {[%emt 00:00:23]} 33. f3 {[%clk 00:11:29]}
{[%emt 00:08:10]} e3 {[%clk 00:26:47]} {[%emt 00:02:16]} 34. Rcc1 {[%clk
00:05:57]} {[%emt 00:06:01]} e2 {[%clk 00:25:22]} {[%emt 00:01:55]} 35. Re1
{[%clk 00:01:00]} {[%emt 00:05:27]} d3 {[%clk 00:24:48]} {[%emt 00:01:04]} 36.
f4 {[%clk 00:00:46]} {[%emt 00:00:44]} d2 {[%clk 00:23:39]} {[%emt 00:01:39]}
37. Bf3 {[%clk 00:00:47]} {[%emt 00:00:29]} dxc1=Q {[%clk 00:22:41]} {[%emt
00:01:28]} 38. Rxc1 {[%clk 00:00:43]} {[%emt 00:00:34]} Bd4+ {[%clk 00:22:29]}
{[%emt 00:00:42]} 39. Kh1 {[%clk 00:00:53]} {[%emt 00:00:20]} Rd2 {[%clk
00:22:14]} {[%emt 00:00:45]} 40. Bxe2 {[%clk 00:00:38]} {[%emt 00:00:45]} Bd5+
{[%clk 00:22:21]} {[%emt 00:00:23]} 41. Bf3 {[%clk 00:30:02]} {[%emt 00:01:05]}
Bxf3# {[%clk 00:52:47]} {[%emt 00:00:04]} 0-1

[Event "ODJM B 2023"]
[Site "Willingen GER"]
[Date "2023.05.31"]
[Round "6"]
[White "Farokhi, Darian"]
[Black "Mohebbi, Sam"]
[Result "0-1"]
[Termination "normal"]
[Board "37"]
[WhiteElo "1455"]
[BlackElo "1555"]
[PlyCount "106"]
[WhiteFideId "16253108"]
[BlackFideId "34607293"]
[EventCountry "GER"]
[EventRounds "9"]
[EventType "swiss"]
[EventDate "2023.05.27"]

1. e4 e6 2. d4 d5 3. e5 c5 4. c3 Qb6 5. Nf3 Bd7 6. a3 Bb5 7. Bd3 Bxd3 8. Qxd3
cxd4 9. cxd4 Ne7 10. b4 Nbc6 11. O-O Nf5 12. Bb2 Be7 13. Nbd2 O-O 14. Nb3 Rac8
15. Rac1 Nh4 16. Nxh4 Bxh4 17. Rc2 Rc7 18. f4 f6 19. Rf3 fxe5 20. Rh3 e4 21.
Qe3 Bf6 22. Nc5 Ne7 23. Qd2 Nf5 24. g4 Nh4 25. g5 Nf3+ 26. Rxf3 exf3 27. gxf6
Rxf6 28. Bc1 Rg6+ 29. Kh1 Rg2 30. Qd1 Rxc2 31. Qxc2 Qb5 32. Qf2 b6 33. Qxf3
bxc5 34. bxc5 Qb1 35. Qc3 Qb5 36. Qe1 Kf7 37. Kg2 Qd3 38. Qd2 Qxd2+ 39. Bxd2
Rc6 40. Kf3 Ra6 41. Bb4 Ra4 42. c6 Ke8 43. Ke3 a5 44. Bd6 Rc4 45. c7 Kd7 46.
Be5 Rc3+ 47. Kd2 Rxa3 48. Kc2 Ra2+ 49. Kb3 Rxh2 50. Bxg7 Kxc7 51. f5 Rh3+ 52.
Ka4 exf5 53. Kxa5 Kc6 0-1

[Event "ODJM B 2023"]
[Site "Willingen GER"]
[Date "2023.05.31"]
[Round "6"]
[White "Reuter, Luca Marek"]
[Black "Hartwig, Eric-Jordan"]
[Result "1/2-1/2"]
[Termination "normal"]
[Board "38"]
[WhiteElo "1570"]
[BlackElo "1534"]
[PlyCount "57"]
[WhiteFideId "16226712"]
[BlackFideId "16298454"]
[EventCountry "GER"]
[EventRounds "9"]
[EventType "swiss"]
[EventDate "2023.05.27"]

1. d4 Nf6 2. Nf3 e6 3. Bf4 b5 4. e4 Nxe4 5. Bxb5 c6 6. Bd3 Nf6 7. c4 Qb6 8. Qd2
c5 9. Be3 Nc6 10. dxc5 Bxc5 11. Bxc5 Qxc5 12. Na3 Rb8 13. O-O O-O 14. Qc3 Ba6
15. Nc2 Ne7 16. b4 Ned5 17. Qa3 Nxb4 18. Nxb4 Bxc4 19. Bxc4 a5 20. Nc2 Qxc4 21.
Ne3 Qb4 22. Qd3 d5 23. Rab1 Qd6 24. Rxb8 Rxb8 25. Rb1 Rc8 26. g3 e5 27. Qf5 Re8
28. Rb5 d4 29. Nc4 1/2-1/2

[Event "ODJM B 2023"]
[Site "Willingen GER"]
[Date "2023.05.31"]
[Round "6"]
[White "Derhay, Davyd"]
[Black "Claussen, Alexander"]
[Result "0-1"]
[Termination "normal"]
[Board "39"]
[WhiteElo "1376"]
[BlackElo "1430"]
[PlyCount "58"]
[WhiteFideId "34130624"]
[BlackFideId "16248910"]
[EventCountry "GER"]
[EventRounds "9"]
[EventType "swiss"]
[EventDate "2023.05.27"]

1. e4 e6 2. d4 d5 3. exd5 exd5 4. Bd3 Bd6 5. Ne2 Nf6 6. O-O Be6 7. Bf4 c6 8.
Re1 Qc7 9. Bg3 Nbd7 10. c3 O-O-O 11. b4 Bg4 12. Nd2 h5 13. a4 Bxg3 14. fxg3 h4
15. Nf3 hxg3 16. Nxg3 Rxh2 17. Kxh2 Nh5 18. Kg1 Qxg3 19. Re3 Nf4 20. Qd2 Rh8
21. Ra2 Bxf3 22. Rxf3 Qh2+ 23. Kf1 Qh1+ 24. Kf2 Qxg2+ 25. Ke3 Re8+ 26. Kxf4 g5+
27. Kf5 Qxf3+ 28. Kxg5 Rg8+ 29. Kh4 Qg4# 0-1

[Event "ODJM B 2023"]
[Site "Willingen GER"]
[Date "2023.05.31"]
[Round "6"]
[White "Brandt, Clara"]
[Black "Borgert, Alexander"]
[Result "0-1"]
[Termination "normal"]
[Board "40"]
[WhiteElo "1254"]
[BlackElo "1516"]
[PlyCount "96"]
[WhiteFideId "34614737"]
[BlackFideId "16289188"]
[EventCountry "GER"]
[EventRounds "9"]
[EventType "swiss"]
[EventDate "2023.05.27"]

1. Nf3 d5 2. g3 Nf6 3. Bg2 Bg4 4. O-O e6 5. b3 c5 6. c4 Nc6 7. cxd5 Nxd5 8. Bb2
Qc7 9. d4 cxd4 10. Nxd4 Nxd4 11. Bxd4 Rd8 12. h3 Bh5 13. g4 Bg6 14. Qc1 Qxc1
15. Rxc1 Nf4 16. Nc3 Nxg2 17. Bxa7 Nf4 18. h4 h6 19. e3 Nd3 20. Rd1 Bc5 21.
Bxc5 Nxc5 22. Rxd8+ Kxd8 23. Nb5 Ke7 24. Rc1 Nd7 25. Rd1 Be4 26. Rd4 Bc6 27.
Nc3 Ra8 28. a4 Ne5 29. Rb4 Nf3+ 30. Kf1 Nxh4 31. Rb6 Rd8 32. e4 Rd3 33. Na2
Bxe4 34. Ke2 Rd6 35. Rxd6 Kxd6 36. b4 Bf3+ 37. Kd3 Ng6 38. Nc3 Nf4+ 39. Ke3
Nd5+ 40. Nxd5 Bxd5 41. f3 Bb3 42. a5 Bc4 43. Kd4 Bb5 44. Ke4 f6 45. f4 g6 46.
f5 exf5+ 47. gxf5 g5 48. Kd4 h5 0-1

[Event "ODJM B 2023"]
[Site "Willingen GER"]
[Date "2023.05.31"]
[Round "6"]
[White "Moldovan, Tudor"]
[Black "Tulchynsky, Mark"]
[Result "1-0"]
[Termination "normal"]
[Board "41"]
[WhiteElo "1380"]
[BlackElo "1425"]
[PlyCount "59"]
[WhiteFideId "16288203"]
[BlackFideId "34617698"]
[EventCountry "GER"]
[EventRounds "9"]
[EventType "swiss"]
[EventDate "2023.05.27"]

1. e4 e5 2. Nf3 Nc6 3. Bb5 a6 4. Ba4 f5 5. d3 fxe4 6. dxe4 Nf6 7. O-O Bc5 8.
Bxc6 bxc6 9. Nxe5 O-O 10. Nc3 Qe7 11. Nd3 Bd4 12. Re1 d6 13. h3 Bb7 14. Be3 c5
15. f3 Bxe3+ 16. Rxe3 d5 17. Re1 dxe4 18. Nxe4 Nxe4 19. fxe4 Rae8 20. Qg4 Rf6
21. Nf4 Qe5 22. Nd5 Rfe6 23. Rad1 Rg6 24. Qf5 Qg3 25. Qf2 Qg5 26. h4 Qg4 27.
Ne7+ Kh8 28. Nxg6+ Qxg6 29. Rf1 Kg8 30. Rd7 1-0

[Event "ODJM B 2023"]
[Site "Willingen GER"]
[Date "2023.05.31"]
[Round "6"]
[White "Yang, Markus"]
[Black "Köpnick, Amanda"]
[Result "0-1"]
[Termination "normal"]
[Board "42"]
[WhiteElo "1518"]
[BlackElo "1271"]
[PlyCount "62"]
[WhiteFideId "16206550"]
[BlackFideId "34618538"]
[EventCountry "GER"]
[EventRounds "9"]
[EventType "swiss"]
[EventDate "2023.05.27"]

1. e4 e5 2. Nf3 Nc6 3. d4 exd4 4. Nxd4 Bc5 5. Be3 Qf6 6. c3 Nge7 7. Bc4 Ne5 8.
Be2 d5 9. O-O Qg6 10. Bh5 Qxe4 11. Nb5 Bd6 12. Nxd6+ cxd6 13. Nd2 Qh4 14. h3
O-O 15. Be2 Nf5 16. Nf3 Nxf3+ 17. Bxf3 Nxe3 18. fxe3 Qg5 19. Bxd5 Bxh3 20. Qf3
Be6 21. Bxb7 Rab8 22. b3 d5 23. Ba6 Rb6 24. Bd3 Rc8 25. e4 Rxc3 26. exd5 Bxd5
27. Qh3 Rh6 28. Rae1 g6 29. Re8+ Kg7 30. Rxf7+ Bxf7 31. Qd7 Rxd3 0-1

[Event "ODJM B 2023"]
[Site "Willingen GER"]
[Date "2023.05.31"]
[Round "6"]
[White "Oblender, Rudi"]
[Black "Fettig, Konrad"]
[Result "1/2-1/2"]
[Termination "normal"]
[Board "43"]
[WhiteElo "1391"]
[BlackElo "1601"]
[PlyCount "53"]
[WhiteFideId "34625089"]
[BlackFideId "34622888"]
[EventCountry "GER"]
[EventRounds "9"]
[EventType "swiss"]
[EventDate "2023.05.27"]

1. e4 c5 2. Nf3 d6 3. d4 cxd4 4. Nxd4 Nc6 5. Bb5 Bd7 6. Nc3 Nf6 7. Nxc6 Bxc6 8.
Bxc6+ bxc6 9. f4 g6 10. b3 Bg7 11. Rb1 O-O 12. O-O Qb6+ 13. Kh1 Qb4 14. Qf3 Nd7
15. Ne2 Nc5 16. Ng3 a5 17. a3 Qb7 18. Re1 Nd7 19. h4 h5 20. Bb2 c5 21. Re3 Bxb2
22. Rxb2 Rab8 23. Nxh5 Kh7 24. Ng3 Rh8 25. f5 Kg7 26. Qg4 Ne5 27. Qe2 1/2-1/2